|
|
|
|
| LEADER |
01502nam a2200385 a 4500 |
| 001 |
EBC3020047 |
| 003 |
MiAaPQ |
| 005 |
20200520144314.0 |
| 006 |
m o d | |
| 007 |
cr cn||||||||| |
| 008 |
090803s2010 nyua sb 001 0 eng d |
| 010 |
|
|
|z 2009032004
|
| 020 |
|
|
|z 9781608760848 (softcover : alk. paper)
|
| 020 |
|
|
|a 9781616688912 (electronic bk.)
|
| 035 |
|
|
|a (MiAaPQ)EBC3020047
|
| 035 |
|
|
|a (Au-PeEL)EBL3020047
|
| 035 |
|
|
|a (CaPaEBR)ebr10675055
|
| 035 |
|
|
|a (OCoLC)923662624
|
| 040 |
|
|
|a MiAaPQ
|c MiAaPQ
|d MiAaPQ
|
| 043 |
|
|
|a n-us---
|
| 050 |
|
4 |
|a HG4910
|b .W39 2010
|
| 082 |
0 |
4 |
|a 332.67/30973
|2 22
|
| 245 |
0 |
0 |
|a Foreign investment in U.S. securities
|h [electronic resource] /
|c Declan J. Byrne, editor.
|
| 260 |
|
|
|a Hauppauge, N.Y. :
|b Nova Science Publishers,
|c c2010.
|
| 300 |
|
|
|a ix, 120 p. :
|b iil. (some col.).
|
| 490 |
1 |
|
|a American political, economic, and security issues series
|
| 504 |
|
|
|a Includes bibliographical references and index.
|
| 533 |
|
|
|a Electronic reproduction. Ann Arbor, MI : ProQuest, 2015. Available via World Wide Web. Access may be limited to ProQuest affiliated libraries.
|
| 650 |
|
0 |
|a Investments, Foreign
|z United States.
|
| 650 |
|
0 |
|a Securities
|z United States.
|
| 655 |
|
4 |
|a Electronic books.
|
| 700 |
1 |
|
|a Byrne, Declan J.
|
| 710 |
2 |
|
|a ProQuest (Firm)
|
| 830 |
|
0 |
|a American political, economic, and security issues series.
|
| 856 |
4 |
0 |
|u https://ebookcentral.proquest.com/lib/matrademy/detail.action?docID=3020047
|z Click to View
|